Contabilidad financiera (Registro nro. 11758)
[ vista simple ]
| 000 -CABECERA | |
|---|---|
| campo de control de longitud fija | 01129aam a2200409 4500 |
| 005 - FECHA Y HORA DE ACTUALIZACIÓN | |
| campo de control | 20230223183548.0 |
| 008 - LONGITUD FIJA | |
| campo de control de longitud fija | 150313b2018 xxu||||| |||| 00| 0 spa d |
| 020 ## - INTERNATIONAL STANDARD BOOK NUMBER | |
| Número Internacional Estándar del Libro | 9781456260958 |
| 041 ## - IDIOMA | |
| Código de idioma del texto/pista de sonido o título separado | Español |
| 082 ## - CLASIFICACIÓN DECIMAL DEWEY | |
| Número de clasificación | 657 G898c7 |
| 100 ## - AUTOR PERSONAL | |
| Nombre de persona | Guajardo Cantú, Gerardo |
| 100 ## - AUTOR PERSONAL | |
| Nombre de persona | Andrade de Guajardo, Nora |
| 245 ## - TÍTULO PROPIAMENTE DICHO | |
| Título | Contabilidad financiera |
| 250 ## - EDICIÓN | |
| Mención de edición | 7 edición |
| 260 ## - PIE DE IMPRENTA | |
| Lugar de publicación, distribución, etc. | México |
| 260 ## - PIE DE IMPRENTA | |
| Nombre del editor, distribuidor, etc. | McGraw Hill |
| 260 ## - PIE DE IMPRENTA | |
| Fecha de publicación, distribución, etc. | 2018 |
| 300 ## - DESCRIPCIÓN FÍSICA | |
| Extensión | 436 páginas |
| 650 ## - Materia General | |
| Materia general | CONTABILIDAD FINANCIERA |
| 650 ## - Materia General | |
| Materia general | INFORMACIÓN FINANCIERA |
| 650 ## - Materia General | |
| Materia general | REGISTRO CONTABLE |
| 650 ## - Materia General | |
| Materia general | AJUSTES |
| 650 ## - Materia General | |
| Materia general | ESTADOS FINANCIEROS |
| 650 ## - Materia General | |
| Materia general | CICLO CONTABLE |
| 650 ## - Materia General | |
| Materia general | INVERSIONES TEMPORALES |
| 650 ## - Materia General | |
| Materia general | CUENTAS POR COBRAR |
| 650 ## - Materia General | |
| Materia general | INVENTARIOS |
| 650 ## - Materia General | |
| Materia general | INMUEBLES |
| 650 ## - Materia General | |
| Materia general | PLANTA |
| 650 ## - Materia General | |
| Materia general | EQUIPO |
| 650 ## - Materia General | |
| Materia general | INTANGIBLES |
| 650 ## - Materia General | |
| Materia general | PASIVOS |
| 650 ## - Materia General | |
| Materia general | CAPITAL CONTABLE |
| 650 ## - Materia General | |
| Materia general | FLUJO DE EFECTIVO |
| 692 ## - Carreras | |
| Carrera | Dirección y Administración de Empresas |
| 942 ## - Punto de Acceso Adicional Koha | |
| Tipo de ítem Koha | Libro |
| Estado perdido | Estado dañado | No para préstamo | Biblioteca permanente | Biblioteca actual | Signatura completa | Código de barras | Precio efectivo a partir del | Programa Académico | Tipo de ítem |
|---|---|---|---|---|---|---|---|---|---|
| Departamento de Biblioteca y Documentación Alfonso Chase Brenes | Departamento de Biblioteca y Documentación Alfonso Chase Brenes | 657 G898c7 | 24121 | 21/03/2019 | Dirección y Administración de Empresas | Libro | |||
| Departamento de Biblioteca y Documentación Alfonso Chase Brenes | Departamento de Biblioteca y Documentación Alfonso Chase Brenes | 657 G898c7 | 24122 | 21/03/2019 | Dirección y Administración de Empresas | Libro | |||
| Departamento de Biblioteca y Documentación Alfonso Chase Brenes | Departamento de Biblioteca y Documentación Alfonso Chase Brenes | 657 G898c7 | 24123 | 21/03/2019 | Dirección y Administración de Empresas | Libro |